SETS RELATIONS FUNCTIONS (Record no. 583147)
[ view plain ]
| 000 -LEADER | |
|---|---|
| fixed length control field | 00256nam a22001097a 4500 |
| 082 ## - DEWEY DECIMAL CLASSIFICATION NUMBER | |
| Classification number | 511.32 DEL'S |
| 100 ## - MAIN ENTRY--PERSONAL NAME | |
| Personal name | SELBY, SAMUEL,SWEET, L |
| 9 (RLIN) | 77983 |
| 245 ## - TITLE STATEMENT | |
| Title | SETS RELATIONS FUNCTIONS |
| 260 ## - PUBLICATION, DISTRIBUTION, ETC. | |
| Place of publication, distribution, etc. | NEWYORK |
| Name of publisher, distributor, etc. | MCGRAW HILL |
| Date of publication, distribution, etc. | 1969 |
| 300 ## - PHYSICAL DESCRIPTION | |
| Extent | 380P |
| 942 ## - ADDED ENTRY ELEMENTS (KOHA) | |
| Koha item type | Book |
| Withdrawn status | Lost status | Damaged status | Not for loan | Permanent Location | Current Location | Shelving location | Date acquired | Total Checkouts | Full call number | Barcode | Date last seen | Price effective from | Koha item type |
|---|---|---|---|---|---|---|---|---|---|---|---|---|---|
| College of Electrical & Mechanical Engineering (CEME) | College of Electrical & Mechanical Engineering (CEME) | General Stacks | 06/13/2017 | 511.32 DEL'S | CEME-8606 | 06/28/2021 | 06/28/2021 | Book |
